Statistics for Bad News Bears Roster

Click here to take the quiz!

General Stats

  • This quiz has been taken 17 times
  • The average score is 4 of 15

Answer Stats

HintAnswer% Correct
CFKelly Leak
86%
ShortstopTanner Boyle
86%
SponsorChico's Bail Bonds
57%
BenchTimmy Lupus
43%
CatcherMike Engleberg
29%
CoachMorris Buttermaker
29%
BenchAlfred Ogilvie
14%
RFRudi Stein
14%
1st BaseToby Whitewood
14%
LFAhmad Abdul Rahim
0%
PitcherAmanda Whurlitzer
0%
2nd BaseJimmy Feldman
0%
BenchJose Agilar
0%
BenchMiguel Agilar
0%
3rd BaseRegi Tower
0%

Score Distribution

Percentile by Number Answered

Percent of People with Each Score

Your Score History

You have not taken this quiz